000
00223nam a22000857a 4500
008
161201b xxu||||| |||| 00| 0 eng d
100
_9
1680
_a
Srivastava.M
245
_a
Iitoo and the fire works
260
_a
New Delhi
_b
N.D CBT
_c
2007
999
_c
4391
_d
4391